<?xml version="1.0" encoding="UTF-8"?>
<record
    xmlns:xsi="http://www.w3.org/2001/XMLSchema-instance"
    xsi:schemaLocation="http://www.loc.gov/MARC21/slim http://www.loc.gov/standards/marcxml/schema/MARC21slim.xsd"
    xmlns="http://www.loc.gov/MARC21/slim">

  <leader>00744nam a2200193Ia 4500</leader>
  <controlfield tag="001">3302</controlfield>
  <controlfield tag="003">GE_BSU</controlfield>
  <controlfield tag="008">181216s||||||||xx |||||||||||||| ||und||</controlfield>
  <datafield tag="040" ind1=" " ind2=" ">
    <subfield code="c">GE_BSU</subfield>
  </datafield>
  <datafield tag="100" ind1=" " ind2=" ">
    <subfield code="a">&#x413;&#x435;&#x43B;&#x44C;&#x43C;&#x430;&#x43D;,&#x410;.&#x421;.  &#x413;&#x440;&#x438;&#x43D;&#x435;&#x432;&#x438;&#x447;,&#x413;.&#x41F;.  &#x413;&#x440;&#x438;&#x43D;&#x435;&#x432;&#x438;&#x447;,&#x413;.&#x413;.&#x438; &#x434;&#x440;.</subfield>
  </datafield>
  <datafield tag="245" ind1=" " ind2=" ">
    <subfield code="a">&#x421;&#x43F;&#x440;&#x430;&#x432;&#x43E;&#x447;&#x43D;&#x438;&#x43A; &#x43F;&#x43E; &#x43F;&#x43E;&#x433;&#x440;&#x443;&#x437;&#x43E;&#x447;&#x43D;&#x43E;-&#x440;&#x430;&#x437;&#x433;&#x440;&#x443;&#x437;&#x43E;&#x447;&#x43D;&#x44B;&#x43C; &#x440;&#x430;&#x431;&#x43E;&#x442;&#x430;&#x43C; &#x43D;&#x430; &#x441;&#x442;&#x440;&#x43E;&#x438;&#x442;&#x435;&#x43B;&#x44C;&#x441;&#x442;&#x432;&#x435;.</subfield>
  </datafield>
  <datafield tag="245" ind1=" " ind2=" ">
    <subfield code="c">&#x41F;&#x43E;&#x434; &#x440;&#x435;&#x434;. &#x413;.&#x41F;.&#x413;&#x440;&#x438;&#x43D;&#x435;&#x432;&#x438;&#x447;a.</subfield>
  </datafield>
  <datafield tag="260" ind1=" " ind2=" ">
    <subfield code="a">&#x41C;.</subfield>
  </datafield>
  <datafield tag="260" ind1=" " ind2=" ">
    <subfield code="b">&#x413;&#x43E;&#x441;&#x441;&#x442;&#x440;&#x43E;&#x439;&#x438;&#x437;&#x434;&#x430;&#x442;.</subfield>
  </datafield>
  <datafield tag="260" ind1=" " ind2=" ">
    <subfield code="c">1962.</subfield>
  </datafield>
  <datafield tag="300" ind1=" " ind2=" ">
    <subfield code="a">367 &#x441;&#x442;&#x440;. &#x441; &#x438;&#x43B;&#x43B;. 20 &#x441;&#x43C;.</subfield>
  </datafield>
  <datafield tag="653" ind1=" " ind2=" ">
    <subfield code="a">&#x421;&#x43F;&#x440;&#x430;&#x432;&#x43E;&#x447;&#x43D;&#x438;&#x43A; &#x43F;&#x43E; &#x43F;&#x43E;&#x433;&#x440;&#x443;&#x437;&#x43E;&#x447;&#x43D;&#x43E;-&#x440;&#x430;&#x437;&#x433;&#x440;&#x443;&#x437;&#x43E;&#x447;&#x43D;&#x44B;&#x43C; &#x440;&#x430;&#x431;&#x43E;&#x442;&#x430;&#x43C; &#x43D;&#x430; &#x441;&#x442;&#x440;&#x43E;&#x438;&#x442;&#x435;&#x43B;&#x44C;&#x441;&#x442;&#x432;&#x435;.</subfield>
  </datafield>
  <datafield tag="942" ind1=" " ind2=" ">
    <subfield code="c">BK</subfield>
  </datafield>
  <datafield tag="999" ind1=" " ind2=" ">
    <subfield code="c">37343</subfield>
    <subfield code="d">37343</subfield>
  </datafield>
  <datafield tag="952" ind1=" " ind2=" ">
    <subfield code="0">0</subfield>
    <subfield code="1">0</subfield>
    <subfield code="4">0</subfield>
    <subfield code="7">0</subfield>
    <subfield code="9">37273</subfield>
    <subfield code="d">2018-12-17</subfield>
    <subfield code="p">9833</subfield>
    <subfield code="r">2018-12-17</subfield>
    <subfield code="w">2018-12-17</subfield>
    <subfield code="y">BK</subfield>
    <subfield code="z">&#x10D3;&#x10D0;&#x10E0;&#x10D1;&#x10D0;&#x10D6;&#x10D8;</subfield>
  </datafield>
</record>
